| 000 | 01782nam a2200313 4500 | ||
|---|---|---|---|
| 001 | 400 | ||
| 003 | OSt | ||
| 005 | 20250414161917.0 | ||
| 008 | 250414b |||||||e |||| 00| 0 eng d | ||
| 020 | _a9788565042703 | ||
| 040 | _bpor | ||
| 041 |
_hger _apor |
||
| 082 |
_a150.195 _bF889e |
||
| 100 |
_aFreud, Sigmund _d1856- 1939 _9845 |
||
| 240 | _aSigmund Freud | ||
| 245 |
_aSigmund Freud: _bO Essencial da Psicologia / _cFreud, Sigmund ; |
||
| 260 |
_bHunter Books _c2016 _aSão Paulo |
||
| 300 | _a166 p. | ||
| 520 | _aSigmund Freud é uma das personalidades da história da humanidade que, definitivamente, dispensa qualquer tipo de apresentação. Seus estudos sobre o poder dos sonhos e do inconsciente desencadearam uma série de teorias – aprofundadas e compartilhadas por inúmeros nomes importantes de diversas áreas – que revolucionaram a compreensão do homem sobre si mesmo e sobre as relações que constrói na vida pessoal e profissional. Estes e outros temas, como a força dos impulsos e desejos sexuais, são discutidos neste livro, mostrando a influência direta que as descobertas de Freud causaram nas Artes, na Medicina, no Direito, na Educação, na Política e no próprio autoconhecimento do ser humano enquanto agente protagonista da vida em sociedade. Este é apenas o começo da (longa) trajetória de Freud, uma das grandes personalidades do mundo moderno. | ||
| 650 | 0 |
_aPsicologia _9831 |
|
| 650 | 0 |
_aPsicanálise _9839 |
|
| 650 | 0 |
_aAutoconhecimento – Filosofia e psicologia _9855 |
|
| 650 | 0 |
_aFreud, Sigmund – Teorias _9840 |
|
| 650 | 0 |
_aAplicações da Psicologia no Cotidiano _9857 |
|
| 655 | 0 |
_aNão Ficção _9102 |
|
| 655 | 0 |
_aTécnico-científico _9835 |
|
| 830 |
_aO Essencial da Psicologia _9853 |
||
| 942 |
_2ddc _n0 _cBK |
||
| 999 |
_c400 _d400 |
||